LEADER 01152nam a2200241 i 4500 001 000000173176 003 CaOOAMICUS 005 20200224102540.0 008 080709s2006 it u000 u ita u 013 $a150628 020 $a88-323-6053-5 040 $aSeMil$bita 245 10$aMonti nella Roma di Pio 6. 300 $a438 p., [1] c. di tav. 700 1 $aBarbarisi, Gennaro <1932-2007>.$0(OLS)http://semarc/name/612 710 2 $aUniversitą degli Studi : Facoltą di Lettere e filosofia .$0(OLS)http://semarc/name/2558 773 0 $aUniversitą degli Studi : Facoltą di Lettere e filosofia $tVincenzo Monti nella cultura italiana.$dMilano : Cisalpino, 2005-2006-$kQuaderni di Acme / Universitą degli studi di Milano, Facoltą di lettere e filosofia$gVolume2$w()19779 850 $aSeMil 852 $aSeMil$W1$xVenegono$y1$m1O VI 233$j236535$B124023$CSeMilBibl$Z2$F135158 $81 961 $aOmaggio: Ballarini mons. Marco 996 $6020$a88-323-6053-5$9(OLS)http://semarc/number/160754 996 $6245$aMonti nella Roma di Pio 6$9(OLS)http://semarc/title/248022 LEADER 01247nam a2200277 4500 001 000000357748 003 CaOOAMICUS 005 20240326085921.0 008 240325s2024 it 000 u ita r 020 $a978-88-343-5421-6 040 $aSeMil$bita 245 00$aCerco, dunque credo? :$bi giovani e una nuova spiritualitą /$ca cura di Rita Bichi e Paola Bignardi. 264 1$aMilano :$bVP, Vita e pensiero,$c2024. 300 $a248 p. ;$c22 cm 650 4$aCristianesimo - Crisi.$0(OLS)http://semarc/subject/48831 650 4$aGiovani - Spiritualitą.$0(OLS)http://semarc/subject/8226 650 4$aGiovani e religione - Italia - Sec. 21. - Inchieste.$0(OLS)http://semarc/subject/55296 700 1 $aBichi, Rita.$0(OLS)http://semarc/name/46271 700 1 $aBignardi, Paola,$d<1949- >.$0(OLS)http://semarc/name/92111 850 $aSeMil 852 $aSeMil$W1$xVenegono$y1$m2E IV 322$j246982$B248924$CSeMilBibl$Z2$F248924 $81 941 1 $a7 996 $6020$a978-88-343-5421-6$9(OLS)http://semarc/number/300074 996 $6245$aCerco, dunque credo? :$bi giovani e una nuova spiritualitą$9(OLS)http://semarc/title/448031 996 $6264$aMilano :$bVP, Vita e pensiero$9(OLS)http://semarc/publisher/39599